000 00411 a2200133 4500
001 ART_7706
005 20260410161555.0
008 260409a
245 1 0 _aMejora e incremento de la información sobre activos intangibles
100 1 _aDíaz, Teresa
700 1 _aBertolino, Gisela
700 1 _aSuardi, Diana
773 0 _tProfesional & Empresaria
_g- Año IX, Nº 108 (sep. 2008)
_wREV70
999 _c9165
_d9165